00990 a2200181 45000010006000000050017000060080041000230030015000640400040000790800102001192450073002210200018002942500012003122640037003243000019003615050407003801000021007875473320260407155822.0260407a1997 arg spa dAR-UNSa-BCEJYS aAR-UNSa-BCEJYSbspacAR-UNSa-BCEJYS a37.014xPolítica educativa. Educación y vida pública (Intercambio de profesores y alumnos )10aLa estructura del discurso pedagógicopclases, códigos y control a84-7112-368-1 a3a. ed. 1aMadrid :bEdiciones Moratac1997 a237 p.c23 cm. aPrimera parte: Sobre los códigos - I. Códigos,modalidades y el proceso de reproducción cultural: un modelo - II. La clase social y la práctica pedagógica - III. Códigos elaborados y restringidos: visión general y críticas - Segunda parte: Sobre el discurso pedagógico - IV. Educación,control simbólico y prácticas sociales - V. La construcción social del discurso pedagógico1 aBernstein, Basil